000 00671nam a2200205Ii 4500
003 JO-AjNU
008 230605s9999||||xx |||||||||||||| ||und||
017 _a1983/11/551
040 _aJO-AjNU
_bara
_erda
_cJO-AjNU
041 _aara
050 1 4 _aQA8.4.F396 1984
100 3 _aالفيومي، محمد/ م. مشارك قاسم الزعبي، عدنان الحسون ,
_eauthor
_939875
245 0 0 _aاصول الرياضيات، ج1
264 3 1 _aعمان:دار الفكر، 1984
300 _aج1، 289ص
336 _atext
_btxt
_2rdacontent
337 _aunmediated
_bn
_2rdamedia
338 _avolume
_bnc
_2rdacarrier
650 4 _aالرياضيات
_939876
999 _aA16877
_c20445
_d20445